[Event "Lueneburger Schachfestival IM 2019"]
[Site "Lueneburg"]
[Date "2019.08.06"]
[Round "5.4"]
[White "Aarav Dengla"]
[Black "Stork, Oliver"]
[Result "0-1"]
[WhiteElo "2038"]
[BlackElo "2322"]
[Annotator "NA"]
[PlyCount "174"]
[EventDate "2019.08.02"]
[EventType "tourn"]
[EventCountry "GER"]
[SourceTitle "playchess.com"]
[Source "ChessBase"]
[SourceQuality "1"]
[TimeControl "40/5400+30:1800+30"]

1. e4 {[%emt 0:00:00]} c6 {[%emt 0:02:03]} 2. d4 {[%emt 0:00:00]} d5 {[%emt 0:00:08]} 3. exd5 {[%emt 0:00:00]} cxd5 {[%emt 0:00:06]} 4. Bd3 {[%emt 0:00:00]} Nc6 {[%emt 0:00:12]} 5. c3 {[%emt 0:00:00]} Qc7 {[%emt 0:00:08]} 6. Ne2 {[%emt 0:00:00]} Bg4 {[%emt 0:00:14]} 7. f3 {[%emt 0:00:00]} Bh5 {[%emt 0:00:14]} 8. Bf4 {[%emt 0:00:05]} Qd7 {[%emt 0:00:11]} 9. h4 {[%emt 0:00:05]} Bg6 {[%emt 0:07:35]} 10. h5 $11 {[%emt 0:00:07]} Bxd3 {[%emt 0:00:05]} 11. Qxd3 {[%emt 0:00:05]} e6 {[%emt 0:01:29]} 12. g4 {[%emt 0:00:04]} h6 {[%emt 0:02:35]} 13. Nd2 {[%emt 0:02:46]} Nf6 {[%emt 0:05:41]} 14. Qe3 {[%emt 0:06:11]} Bd6 {[%emt 0:07:33]} 15. g5 {[%emt 0:07:46]} hxg5 {[%emt 0:01:17]} 16. Bxd6 {[%emt 0:00:11]} Qxd6 {[%emt 0:00:07]} 17. Qxg5 {[%emt 0:00:18]} e5 {[%emt 0:14:55]} 18. Nb3 {[%emt 0:20:35]} O-O-O {[%emt 0:07:29]} 19. O-O-O {[%emt 0:09:24]} exd4 {[%emt 0:12:03]} 20. Nexd4 {[%emt 0:01:30]} Qe5 {[%emt 0:03:19]} 21. Qxe5 {[%emt 0:32:49]} Nxe5 {[%emt 0:00:07]} 22. f4 {[%emt 0:01:04]} Nc6 {[%emt 0:09:25]} 23. Rde1 {[%emt 0:08:09]} Rxh5 {[%emt 0:04:41]} 24. Nxc6 {[%emt 0:04:45]} bxc6 {[%emt 0:00:26]} 25. Rxh5 {[%emt 0:00:01]} Nxh5 {[%emt 0:00:09]} 26. Re7 {[%emt 0:00:21]} Rd7 {[%emt 0:00:24]} 27. Re8+ {[%emt 0:00:22]} Kc7 {[%emt 0:03:30]} 28. Nc5 {[%emt 0:02:27]} Rd8 {[%emt 0:03:06]} 29. Re5 {[%emt 0:00:15]} Nf6 {[%emt 0:04:40]} 30. Rg5 {[%emt 0:01:50]} Rg8 {[%emt 0:06:11]} 31. Kc2 {[%emt 0:01:38]} Nd7 {[%emt 0:01:19]} 32. Nxd7 {[%emt 0:00:28]} Kxd7 {[%emt 0:00:05]} 33. b4 {[%emt 0:00:14]} f6 {[%emt 0:03:54]} 34. Rh5 {[%emt 0:01:06]} Ke6 {[%emt 0:00:48]} 35. Kd3 {[%emt 0:02:14]} a5 {[%emt 0:00:04]} 36. a3 {[%emt 0:00:18]} axb4 {[%emt 0:00:11]} 37. axb4 {[%emt 0:01:22]} g6 {[%emt 0:01:10]} 38. Rh4 {[%emt 0:00:00]} Kf5 {[%emt 0:00:41]} 39. c4 {[%emt 0:00:18]} dxc4+ {[%emt 0:00:36]} 40. Kxc4 {[%emt 0:00:02]} Rb8 {[%emt 0:00:22]} 41. Kc5 {[%emt 0:31:07]} Rb5+ {[%emt 0:09:20]} 42. Kc4 {[%emt 0:00:00]} Rd5 {[%emt 0:00:07]} 43. Rh6 {[%emt 0:00:00]} Rd1 {[%emt 0:01:32]} 44. Kc5 {[%emt 0:00:00]} Rc1+ {[%emt 0:00:10]} 45. Kd4 {[%emt 0:00:00]} Rf1 {[%emt 0:04:25]} 46. Rh4 {[%emt 0:00:00]} Rxf4+ {[%emt 0:07:29]} 47. Rxf4+ {[%emt 0:00:00]} Kxf4 {[%emt 0:00:03]} 48. Kc5 {[%emt 0:00:00]} f5 {[%emt 0:00:50]} 49. Kxc6 {[%emt 0:00:00]} Kg4 {[%emt 0:00:43]} 50. b5 {[%emt 0:00:00]} f4 {[%emt 0:00:04]} 51. b6 {[%emt 0:00:00]} f3 {[%emt 0:00:02]} 52. b7 {[%emt 0:00:00]} f2 {[%emt 0:00:04]} 53. b8=Q {[%emt 0:00:00]} f1=Q {[%emt 0:00:06]} 54. Qb4+ {[%emt 0:00:00]} Qf4 {[%emt 0:00:09]} 55. Qe1 {[%emt 0:00:00]} g5 {[%emt 0:03:18]} 56. Qg1+ {[%emt 0:00:00]} Kf5 {[%emt 0:01:37]} 57. Qc5+ {[%emt 0:00:00]} Qe5 {[%emt 0:00:14]} 58. Qf2+ {[%emt 0:00:00]} Kg6 {[%emt 0:00:12]} 59. Qg2 {[%emt 0:00:00]} Qf5 {[%emt 0:02:00]} 60. Kb6 {[%emt 0:00:00]} g4 {[%emt 0:00:24]} 61. Ka7 {[%emt 0:00:00]} Qc5+ {[%emt 0:00:30]} 62. Ka8 {[%emt 0:01:14]} Kf5 {[%emt 0:01:34]} 63. Qf1+ {[%emt 0:02:30]} Kg5 {[%emt 0:00:11]} 64. Qg2 {[%emt 0:00:36]} Qa3+ {[%emt 0:00:43]} 65. Kb8 {[%emt 0:00:27]} Qf3 {[%emt 0:00:32]} 66. Qg1 {[%emt 0:00:18]} g3 {[%emt 0:02:27]} 67. Qc5+ {[%emt 0:00:37]} Kg4 {[%emt 0:00:52]} 68. Qc8+ {[%emt 0:00:09]} Qf5 {[%emt 0:00:07]} 69. Qg8+ {[%emt 0:00:37]} Kf4 {[%emt 0:02:08]} 70. Qc4+ {[%emt 0:00:26]} Qe4 {[%emt 0:00:10]} 71. Qf7+ {[%emt 0:03:20]} Kg4 {[%emt 0:01:15]} 72. Qg7+ {[%emt 0:01:30]} Kh3 {[%emt 0:00:37]} 73. Qh8+ {[%emt 0:01:16]} Qh4 {[%emt 0:00:13]} 74. Qc8+ {[%emt 0:00:11]} Kh2 {[%emt 0:00:15]} 75. Qc2+ {[%emt 0:00:32]} g2 {[%emt 0:00:13]} 76. Qd2 {[%emt 0:01:52]} Qf6 {[%emt 0:01:14]} 77. Qe2 {[%emt 0:00:40]} Qd8+ {[%emt 0:00:44]} 78. Ka7 {[%emt 0:01:00]} Qd5 {[%emt 0:00:31]} 79. Qf2 {[%emt 0:00:22]} Qd7+ {[%emt 0:01:05]} 80. Ka8 {[%emt 0:01:10]} Qa4+ {[%emt 0:00:45]} 81. Kb8 {[%emt 0:00:53]} Qb4+ {[%emt 0:00:07]} 82. Ka7 {[%emt 0:00:22]} Qe4 {[%emt 0:00:54]} 83. Qb2 {[%emt 0:00:40]} Qe7+ {[%emt 0:01:05]} 84. Ka8 {[%emt 0:00:43]} Qd8+ {[%emt 0:00:29]} 85. Ka7 {[%emt 0:00:08]} Qc7+ {[%emt 0:00:04]} 86. Ka6 {[%emt 0:00:09]} Qc8+ {[%emt 0:00:07]} 87. Ka7 {[%emt 0:00:05]} Kh1 {[%emt 0:00:11]} 0-1

[Event "Lueneburger Schachfestival IM 2019"]
[Site "Lueneburg"]
[Date "2019.08.06"]
[Round "5.5"]
[White "Kahlert, Thomas"]
[Black "Schulze, Lara"]
[Result "0-1"]
[WhiteElo "2152"]
[BlackElo "2253"]
[Annotator "NA"]
[PlyCount "68"]
[EventDate "2019.08.02"]
[EventType "tourn"]
[EventCountry "GER"]
[SourceTitle "playchess.com"]
[Source "ChessBase"]
[SourceQuality "1"]
[TimeControl "40/5400+30:1800+30"]

1. Nf3 {[%emt 0:00:00]} Nf6 {[%emt 0:00:00]} 2. c4 {[%emt 0:00:00]} e6 {[%emt 0:00:00]} 3. Nc3 {[%emt 0:00:00]} Bb4 {[%emt 0:00:00]} 4. d4 {[%emt 0:00:01]} b6 {[%emt 0:00:10]} 5. e3 {[%emt 0:00:42]} Ne4 {[%emt 0:01:53]} 6. Qc2 {[%emt 0:01:08]} Bb7 {[%emt 0:00:14]} 7. Bd3 {[%emt 0:00:34]} f5 {[%emt 0:00:19]} 8. O-O {[%emt 0:04:41]} Bxc3 {[%emt 0:00:28]} 9. bxc3 {[%emt 0:00:13]} O-O $11 {[%emt 0:00:27]} 10. Nd2 {[%emt 0:06:12]} Qh4 {[%emt 0:01:00]} 11. f3 {[%emt 0:02:15]} Nxd2 {[%emt 0:01:38]} 12. Bxd2 {[%emt 0:00:13]} Nc6 {[%emt 0:00:18]} 13. Rae1 {[%emt 0:08:00]} Ne7 {[%emt 0:12:00]} 14. Rf2 {[%emt 0:05:02]} Rf6 {[%emt 0:06:51]} 15. g3 {[%emt 0:07:03]} Qh5 {[%emt 0:02:13]} 16. e4 {[%emt 0:10:07]} fxe4 {[%emt 0:07:20]} 17. Bxe4 {[%emt 0:00:43]} Bxe4 {[%emt 0:01:22]} 18. Qxe4 {[%emt 0:00:07]} Raf8 {[%emt 0:02:19]} 19. d5 {[%emt 0:08:34]} Rxf3 {[%emt 0:06:33]} 20. Rxf3 {[%emt 0:00:21]} Qxf3 {[%emt 0:02:27]} 21. Qxf3 {[%emt 0:01:31]} Rxf3 {[%emt 0:00:07]} 22. dxe6 {[%emt 0:03:32]} dxe6 {[%emt 0:07:39]} 23. Rxe6 {[%emt 0:00:09]} Kf7 {[%emt 0:00:09]} 24. Re4 {[%emt 0:00:26]} Rf5 {[%emt 0:08:48]} 25. Rf4 {[%emt 0:07:37]} Ke6 {[%emt 0:01:02]} 26. Kg2 {[%emt 0:01:50]} Ra5 {[%emt 0:01:45]} 27. Kf3 {[%emt 0:04:37]} Rxa2 {[%emt 0:01:05]} 28. Re4+ {[%emt 0:00:30]} Kd7 {[%emt 0:01:09]} 29. Bg5 {[%emt 0:01:35]} Nc6 {[%emt 0:02:16]} 30. h4 {[%emt 0:00:34]} a5 {[%emt 0:03:41]} 31. h5 {[%emt 0:02:45]} Rc2 {[%emt 0:03:32]} 32. Re3 {[%emt 0:01:44]} a4 {[%emt 0:00:34]} 33. Ke4 {[%emt 0:01:52]} a3 {[%emt 0:01:27]} 34. Kd3 {[%emt 0:00:06]} a2 {[%emt 0:01:32]} 0-1

[Event "Lueneburger Schachfestival IM 2019"]
[Site "Lueneburg"]
[Date "2019.08.07"]
[Round "6.1"]
[White "Chennaoui, Yasin"]
[Black "Schulze, Lara"]
[Result "0-1"]
[WhiteElo "2092"]
[BlackElo "2253"]
[Annotator "NA"]
[PlyCount "92"]
[EventDate "2019.08.02"]
[EventType "tourn"]
[EventCountry "GER"]
[SourceTitle "playchess.com"]
[Source "ChessBase"]
[SourceQuality "1"]
[TimeControl "40/5400+30:1800+30"]

1. c4 {[%emt 0:00:00]} e5 {[%emt 0:00:00]} 2. g3 {[%emt 0:00:00]} c6 {[%emt 0:00:00]} 3. d4 {[%emt 0:00:00]} e4 {[%emt 0:00:00]} 4. Nc3 {[%emt 0:00:25]} d5 {[%emt 0:00:00]} 5. Bg2 {[%emt 0:01:59]} Nf6 {[%emt 0:00:45]} 6. Bg5 {[%emt 0:00:59]} Nbd7 {[%emt 0:00:52]} 7. Nh3 {[%emt 0:00:23]} h6 {[%emt 0:04:59]} 8. Be3 {[%emt 0:03:39]} Nb6 {[%emt 0:09:17]} 9. cxd5 {[%emt 0:13:02]} cxd5 {[%emt 0:02:50]} 10. Rc1 {[%emt 0:01:40]} Be7 {[%emt 0:06:38]} 11. O-O {[%emt 0:02:44]} O-O {[%emt 0:03:29]} 12. b3 {[%emt 0:03:58]} Bf5 {[%emt 0:05:26]} 13. f3 {[%emt 0:01:14]} exf3 {[%emt 0:08:02]} 14. exf3 {[%emt 0:01:30]} Ba3 {[%emt 0:01:16]} 15. Qd2 {[%emt 0:02:34]} Bxc1 {[%emt 0:00:44]} 16. Rxc1 {[%emt 0:00:02]} Rc8 {[%emt 0:01:49]} 17. Nf4 {[%emt 0:12:13]} Re8 {[%emt 0:04:38]} 18. g4 {[%emt 0:03:05]} Bh7 {[%emt 0:03:02]} 19. h4 {[%emt 0:02:00]} Qd6 {[%emt 0:06:02]} 20. g5 {[%emt 0:03:09]} hxg5 {[%emt 0:00:21]} 21. hxg5 {[%emt 0:00:02]} Nfd7 {[%emt 0:00:27]} 22. Bh3 {[%emt 0:03:45]} Rc6 {[%emt 0:04:02]} 23. Kg2 {[%emt 0:08:52]} Nf8 {[%emt 0:07:15]} 24. Bf2 {[%emt 0:03:24]} f6 {[%emt 0:08:47]} 25. Bg3 {[%emt 0:01:30]} Qd8 {[%emt 0:02:29]} 26. gxf6 {[%emt 0:02:17]} gxf6 {[%emt 0:02:49]} 27. Nh5 {[%emt 0:02:46]} f5 {[%emt 0:02:26]} 28. Be5 {[%emt 0:04:49]} Ng6 {[%emt 0:02:58]} 29. f4 {[%emt 0:00:57]} Qh4 {[%emt 0:03:52]} 30. Nf6+ {[%emt 0:08:23]} Rxf6 {[%emt 0:00:49]} 31. Bxf6 {[%emt 0:00:03]} Qxf6 {[%emt 0:00:12]} 32. Qf2 {[%emt 0:01:44]} Qd6 {[%emt 0:05:52]} 33. Bxf5 {[%emt 0:01:41]} Nxf4+ {[%emt 0:01:21]} 34. Kf3 {[%emt 0:00:21]} Bxf5 {[%emt 0:00:49]} 35. Qg3+ {[%emt 0:00:15]} Kf7 {[%emt 0:00:34]} 36. Qxf4 {[%emt 0:00:23]} Qxf4+ {[%emt 0:00:21]} 37. Kxf4 {[%emt 0:00:02]} Bd7 {[%emt 0:00:52]} 38. Rh1 {[%emt 0:00:12]} Ke7 {[%emt 0:00:41]} 39. Re1+ {[%emt 0:01:00]} Kd6 {[%emt 0:00:35]} 40. Rxe8 {[%emt 0:00:06]} Bxe8 {[%emt 0:00:01]} 41. Kf5 {[%emt 0:30:21]} Nc8 {[%emt 0:31:39]} 42. Kf6 {[%emt 0:01:10]} Ne7 {[%emt 0:00:00]} 43. a3 {[%emt 0:00:00]} Bd7 {[%emt 0:00:00]} 44. a4 {[%emt 0:00:00]} Nf5 {[%emt 0:00:00]} 45. Nb5+ {[%emt 0:00:00]} Bxb5 {[%emt 0:00:00]} 46. Kxf5 {[%emt 0:00:00]} Bd3+ {[%emt 0:03:59] Ke4 Ke5+} 0-1

[Event "Lueneburger Schachfestival IM 2019"]
[Site "Lueneburg"]
[Date "2019.08.07"]
[Round "6.2"]
[White "Stork, Oliver"]
[Black "Kahlert, Thomas"]
[Result "1/2-1/2"]
[WhiteElo "2322"]
[BlackElo "2152"]
[Annotator "NA"]
[PlyCount "139"]
[EventDate "2019.08.02"]
[EventType "tourn"]
[EventCountry "GER"]
[SourceTitle "playchess.com"]
[Source "ChessBase"]
[SourceQuality "1"]
[TimeControl "40/5400+30:1800+30"]

1. c4 {[%emt 0:00:00]} e5 {[%emt 0:00:00]} 2. Nc3 {[%emt 0:00:00]} Nc6 {[%emt 0:00:00]} 3. g3 {[%emt 0:00:00]} g6 {[%emt 0:00:00]} 4. Bg2 {[%emt 0:00:00]} Bg7 {[%emt 0:00:00]} 5. Rb1 {[%emt 0:00:11]} a5 {[%emt 0:02:11]} 6. a3 {[%emt 0:00:07]} f5 {[%emt 0:00:11]} 7. e3 {[%emt 0:02:13]} Nf6 {[%emt 0:00:44]} 8. Nge2 {[%emt 0:01:19]} e4 {[%emt 0:02:54]} 9. d3 {[%emt 0:01:21]} exd3 {[%emt 0:00:25]} 10. Qxd3 {[%emt 0:00:23]} Ne5 {[%emt 0:04:17]} 11. Qc2 {[%emt 0:01:21]} d6 {[%emt 0:05:06]} 12. O-O {[%emt 0:02:40]} c6 {[%emt 0:00:51]} 13. b3 {[%emt 0:01:28]} O-O {[%emt 0:00:36]} 14. Rd1 $14 {[%emt 0:03:47]} Qe7 {[%emt 0:01:50]} 15. Bb2 {[%emt 0:04:03]} Be6 {[%emt 0:04:02]} 16. Nf4 {[%emt 0:06:41]} Bf7 {[%emt 0:10:27]} 17. Nd3 {[%emt 0:04:52]} Rfd8 {[%emt 0:03:54]} 18. Rd2 {[%emt 0:06:10]} Nxd3 {[%emt 0:12:32]} 19. Rxd3 {[%emt 0:02:40]} Nd7 {[%emt 0:07:05]} 20. Na4 {[%emt 0:09:05]} Bxb2 {[%emt 0:01:54]} 21. Qxb2 {[%emt 0:01:27]} Ne5 {[%emt 0:01:44]} 22. Rd4 {[%emt 0:02:55]} Be6 {[%emt 0:10:21]} 23. Rbd1 {[%emt 0:02:53]} Nf7 {[%emt 0:02:27]} 24. e4 {[%emt 0:17:31]} Qf6 {[%emt 0:04:25]} 25. c5 {[%emt 0:01:16]} Qe7 {[%emt 0:03:11]} 26. cxd6 {[%emt 0:09:03]} Rxd6 {[%emt 0:02:23]} 27. Rxd6 {[%emt 0:03:03]} Nxd6 {[%emt 0:00:13]} 28. Qe5 {[%emt 0:05:01]} Nf7 {[%emt 0:03:10]} 29. Qc5 {[%emt 0:00:04]} Qc7 {[%emt 0:02:55]} 30. Nb6 {[%emt 0:04:55]} Rd8 {[%emt 0:01:13]} 31. Nd5 {[%emt 0:02:18]} Bxd5 {[%emt 0:02:48]} 32. Rxd5 {[%emt 0:00:33]} b6 {[%emt 0:05:10]} 33. Rxd8+ {[%emt 0:01:43]} Qxd8 {[%emt 0:01:23]} 34. Qxc6 {[%emt 0:01:10]} Qd1+ {[%emt 0:03:25]} 35. Bf1 {[%emt 0:00:04]} fxe4 {[%emt 0:02:00]} 36. Qxb6 {[%emt 0:03:45]} Qd5 {[%emt 0:00:53]} 37. Qb5 {[%emt 0:01:07]} Qxb5 {[%emt 0:01:08]} 38. Bxb5 {[%emt 0:00:05]} Nd6 {[%emt 0:00:16]} 39. Bc6 {[%emt 0:01:11]} Kf7 {[%emt 0:00:42]} 40. Kf1 {[%emt 0:00:45]} Ke6 {[%emt 0:00:11]} 41. b4 {[%emt 0:01:53]} axb4 {[%emt 0:02:27]} 42. axb4 {[%emt 0:00:01]} Ke5 {[%emt 0:00:28]} 43. b5 {[%emt 0:00:27]} Nc4 {[%emt 0:00:28]} 44. h4 {[%emt 0:08:43]} h6 {[%emt 0:00:20]} 45. Ke2 {[%emt 0:07:10]} Kd4 {[%emt 0:00:11]} 46. Be8 {[%emt 0:05:44]} g5 {[%emt 0:00:23]} 47. h5 {[%emt 0:00:20]} Nd6 {[%emt 0:01:27]} 48. b6 {[%emt 0:03:00]} Kc5 {[%emt 0:00:08]} 49. Ke3 {[%emt 0:00:08]} Kxb6 {[%emt 0:00:14]} 50. Bg6 {[%emt 0:00:07]} Kc5 {[%emt 0:00:19]} 51. Bxe4 {[%emt 0:00:32]} Nc4+ {[%emt 0:00:20]} 52. Kd3 {[%emt 0:03:58]} Ne5+ {[%emt 0:00:10]} 53. Kc3 {[%emt 0:00:04]} Ng4 {[%emt 0:01:11]} 54. f3 {[%emt 0:00:17]} Nf6 {[%emt 0:00:38]} 55. Bg6 {[%emt 0:00:53]} Kd5 {[%emt 0:02:30]} 56. Bf7+ {[%emt 0:01:13]} Ke5 {[%emt 0:00:25]} 57. Kd3 {[%emt 0:00:11]} Nd7 {[%emt 0:00:38]} 58. Kc4 {[%emt 0:00:45]} Kf6 {[%emt 0:00:43]} 59. Bd5 {[%emt 0:00:41]} Ke5 {[%emt 0:00:16]} 60. Bg8 {[%emt 0:01:02]} Nf6 {[%emt 0:01:50]} 61. Bf7 {[%emt 0:00:18]} Nd7 {[%emt 0:02:34]} 62. Bg6 {[%emt 0:01:21]} Nf6 {[%emt 0:02:27]} 63. Kc5 {[%emt 0:00:23]} Nd5 {[%emt 0:01:17]} 64. Bf7 {[%emt 0:01:01]} Ne3 {[%emt 0:00:19]} 65. Kc6 {[%emt 0:02:04]} Nf5 {[%emt 0:00:36]} 66. Kd7 {[%emt 0:00:29]} Nxg3 {[%emt 0:00:32]} 67. Ke7 {[%emt 0:00:08]} Kf4 {[%emt 0:02:08]} 68. Kf6 {[%emt 0:00:10]} Kxf3 {[%emt 0:00:43]} 69. Kg6 {[%emt 0:00:55]} Nxh5 {[%emt 0:00:31]} 70. Kxh5 {[%emt 0:00:05]} 1/2-1/2

[Event "Lueneburger Schachfestival IM 2019"]
[Site "Lueneburg"]
[Date "2019.08.07"]
[Round "6.3"]
[White "Pubantz, Jan"]
[Black "Aarav Dengla"]
[Result "0-1"]
[WhiteElo "2214"]
[BlackElo "2038"]
[Annotator "NA"]
[PlyCount "88"]
[EventDate "2019.08.02"]
[EventType "tourn"]
[EventCountry "GER"]
[SourceTitle "playchess.com"]
[Source "ChessBase"]
[SourceQuality "1"]
[TimeControl "40/5400+30:1800+30"]

1. d4 {[%emt 0:00:00]} d5 {[%emt 0:00:00]} 2. c4 {[%emt 0:00:00]} c6 {[%emt 0:00:00]} 3. Nf3 {[%emt 0:00:00]} Nf6 {[%emt 0:00:00]} 4. Qc2 {[%emt 0:00:00]} g6 {[%emt 0:00:33]} 5. Bf4 {[%emt 0:00:38]} Bg7 {[%emt 0:08:09]} 6. e3 {[%emt 0:00:20]} Bf5 {[%emt 0:05:59]} 7. Qb3 {[%emt 0:00:33]} Qb6 {[%emt 0:01:58]} 8. Nc3 {[%emt 0:02:40]} Na6 {[%emt 0:13:37]} 9. Qxb6 {[%emt 0:19:51]} axb6 {[%emt 0:00:01]} 10. cxd5 {[%emt 0:01:38]} Nxd5 {[%emt 0:07:17]} 11. Nxd5 {[%emt 0:00:43]} cxd5 {[%emt 0:00:03]} 12. Bb5+ {[%emt 0:07:14]} Bd7 {[%emt 0:01:02]} 13. Bxd7+ {[%emt 0:02:42]} Kxd7 {[%emt 0:01:29]} 14. Kd2 {[%emt 0:00:21]} Nb4 {[%emt 0:05:20]} 15. Rhc1 {[%emt 0:04:21]} Rhc8 {[%emt 0:03:28]} 16. Rc3 {[%emt 0:07:32]} Rxc3 {[%emt 0:04:17]} 17. bxc3 {[%emt 0:09:20]} Nc6 {[%emt 0:00:08]} 18. Kc2 {[%emt 0:00:22]} f6 {[%emt 0:05:29]} 19. Nd2 {[%emt 0:02:22]} e5 {[%emt 0:06:52]} 20. Bg3 {[%emt 0:00:09]} f5 {[%emt 0:01:02]} 21. f4 {[%emt 0:05:27]} e4 {[%emt 0:02:50]} 22. a3 {[%emt 0:11:47]} Bf8 {[%emt 0:07:58]} 23. c4 {[%emt 0:02:15]} Rxa3 {[%emt 0:06:40]} 24. Rxa3 {[%emt 0:01:53]} Bxa3 {[%emt 0:00:02]} 25. cxd5 {[%emt 0:06:31]} Nb4+ {[%emt 0:00:18]} 26. Kb3 {[%emt 0:01:07]} Bc1 {[%emt 0:00:04]} 27. Nxe4 {[%emt 0:13:06]} fxe4 {[%emt 0:05:57]} 28. Kxb4 {[%emt 0:00:05]} Bxe3 {[%emt 0:00:10]} 29. Kc4 {[%emt 0:00:42]} Ke7 {[%emt 0:02:00]} 30. Bh4+ {[%emt 0:00:42]} Kd6 {[%emt 0:00:30]} 31. Bd8 {[%emt 0:00:31]} b5+ {[%emt 0:00:40]} 32. Kxb5 {[%emt 0:00:21]} Kxd5 {[%emt 0:00:18]} 33. Kb6 {[%emt 0:00:39]} Kxd4 {[%emt 0:00:27]} 34. g3 {[%emt 0:00:31]} Bg1 {[%emt 0:00:07]} 35. h4 {[%emt 0:00:31]} Ke3 {[%emt 0:00:29]} 36. Kxb7 {[%emt 0:00:28]} Kf3 {[%emt 0:00:13]} 37. h5 {[%emt 0:00:10]} e3 {[%emt 0:00:13]} 38. hxg6 {[%emt 0:00:25]} hxg6 {[%emt 0:00:02]} 39. Kc6 {[%emt 0:00:53]} e2 {[%emt 0:01:03]} 40. Ba5 {[%emt 0:00:14]} Kxg3 {[%emt 0:00:02]} 41. Bd2 {[%emt 0:06:24]} Be3 {[%emt 0:00:07]} 42. Be1+ {[%emt 0:00:16]} Bf2 {[%emt 0:00:22]} 43. Bd2 {[%emt 0:01:45]} e1=Q {[%emt 0:00:02]} 44. Bxe1 {[%emt 0:00:09]} Bxe1 {[%emt 0:44:42]} 0-1

[Event "Lueneburger Schachfestival IM 2019"]
[Site "Lueneburg"]
[Date "2019.08.07"]
[Round "6.4"]
[White "Souleidis, Georgios"]
[Black "Knuedel, Torben"]
[Result "1/2-1/2"]
[WhiteElo "2426"]
[BlackElo "2151"]
[Annotator "NA"]
[PlyCount "67"]
[EventDate "2019.08.02"]
[EventType "tourn"]
[EventCountry "GER"]
[SourceTitle "playchess.com"]
[Source "ChessBase"]
[SourceQuality "1"]
[TimeControl "40/5400+30:1800+30"]

1. e4 {[%emt 0:02:00]} e5 {[%emt 0:00:00]} 2. Nf3 {[%emt 0:00:07]} Nc6 {[%emt 0:00:00]} 3. Bc4 {[%emt 0:00:03]} Bc5 {[%emt 0:00:00]} 4. O-O {[%emt 0:00:05]} Nf6 {[%emt 0:00:12]} 5. d3 {[%emt 0:00:04]} d6 {[%emt 0:01:28]} 6. c3 {[%emt 0:00:35]} a6 {[%emt 0:01:22]} 7. a4 {[%emt 0:00:13]} Ba7 {[%emt 0:00:27]} 8. Re1 {[%emt 0:00:10]} O-O {[%emt 0:00:21]} 9. h3 {[%emt 0:03:02]} Kh8 {[%emt 0:00:55]} 10. Nbd2 {[%emt 0:03:13]} Nh5 {[%emt 0:01:00]} 11. Nf1 {[%emt 0:00:48]} f5 {[%emt 0:00:16]} 12. Be3 {[%emt 0:19:35]} (12. Ng5 $14 g6 13. Nf7+ Rxf7 14. Bxf7) 12... Bxe3 {[%emt 0:04:50]} 13. Nxe3 {[%emt 0:02:12]} fxe4 {[%emt 0:00:52]} 14. dxe4 {[%emt 0:00:04]} Nf4 $11 {[%emt 0:02:03]} 15. Nd5 {[%emt 0:12:59]} Nxd5 {[%emt 1:23:44]} 16. exd5 {[%emt 0:02:33]} Ne7 {[%emt 0:00:00]} 17. Ng5 {[%emt 0:06:18]} g6 {[%emt 0:00:00]} 18. Qd2 {[%emt 0:04:09]} Kg7 {[%emt 0:00:00]} 19. Rad1 {[%emt 0:04:08]} Rf4 {[%emt 0:00:00]} 20. Re4 {[%emt 0:06:52]} Rxe4 {[%emt 0:00:00]} 21. Nxe4 {[%emt 0:00:02]} Bf5 {[%emt 0:00:00]} 22. Ng3 {[%emt 0:01:14]} Qd7 {[%emt 0:00:00]} 23. a5 {[%emt 0:00:10]} Rf8 {[%emt 0:00:00]} 24. Kh2 {[%emt 0:00:34]} Qa4 {[%emt 0:00:00]} 25. b4 {[%emt 0:01:16]} Bc2 {[%emt 0:00:00]} 26. Rc1 {[%emt 0:15:38]} Bb3 {[%emt 0:00:00]} 27. Qg5 {[%emt 0:01:15]} Bxc4 {[%emt 0:00:00]} 28. Qxe7+ {[%emt 0:00:06]} Rf7 {[%emt 0:00:00]} 29. Qg5 {[%emt 0:04:28]} h6 {[%emt 0:00:00]} 30. Nh5+ {[%emt 0:03:28]} Kh7 {[%emt 0:00:00]} 31. Nf6+ {[%emt 0:00:20]} Kg7 {[%emt 0:00:00]} 32. Nh5+ {[%emt 0:00:08]} Kh7 {[%emt 0:00:00]} 33. Nf6+ {[%emt 0:08:06]} Kg7 {[%emt 0:00:00]} 34. Nh5+ {[%emt 0:00:05]} 1/2-1/2

[Event "Lueneburger Schachfestival IM 2019"]
[Site "Lueneburg"]
[Date "2019.08.07"]
[Round "6.5"]
[White "Carlstedt, Jonathan"]
[Black "Ertan, Can"]
[Result "1/2-1/2"]
[WhiteElo "2408"]
[BlackElo "2396"]
[Annotator "ChessBase"]
[PlyCount "26"]
[EventDate "2019.08.02"]
[EventType "tourn"]
[EventCountry "GER"]
[SourceTitle "playchess.com"]
[Source "ChessBase"]
[SourceQuality "1"]
[TimeControl "40/5400+30:1800+30"]

1. d4 {[%emt 0:00:00]} Nf6 {[%emt 0:00:00]} 2. Bf4 {[%emt 0:00:00]} c5 {[%emt 0:01:38]} 3. e3 {[%emt 0:01:44]} Nd5 {[%emt 0:00:22]} 4. Bg3 {[%emt 0:02:55]} Qb6 {[%emt 0:00:09]} 5. Nc3 {[%emt 0:02:52]} Nxc3 {[%emt 0:00:05]} 6. bxc3 {[%emt 0:00:03]} d5 {[%emt 0:00:02]} 7. Bxb8 {[%emt 0:14:03]} Rxb8 {[%emt 0:00:29]} 8. Rb1 {[%emt 0:00:58]} Qa5 {[%emt 0:00:03]} 9. Bb5+ {[%emt 0:01:05]} Kd8 {[%emt 0:00:02]} 10. Qh5 {[%emt 0:03:53]} Qxa2 {[%emt 0:31:17]} 11. Kd2 {[%emt 0:00:18]} g6 {[%emt 0:06:45]} 12. Qf3 {[%emt 0:00:14]} Bf5 {[%emt 0:01:44]} 13. Rb2 {[%emt 0:00:23]} Qxb2 {[%emt 0:00:45]} 1/2-1/2

[Event "Lueneburger Schachfestival IM 2019"]
[Site "Lueneburg"]
[Date "2019.08.08"]
[Round "7.1"]
[White "Ertan, Can"]
[Black "Chennaoui, Yasin"]
[Result "1-0"]
[WhiteElo "2396"]
[BlackElo "2092"]
[Annotator "ChessBase"]
[PlyCount "57"]
[EventDate "2019.08.02"]
[EventType "tourn"]
[EventCountry "GER"]
[SourceTitle "playchess.com"]
[Source "ChessBase"]
[SourceQuality "1"]
[TimeControl "40/5400+30:1800+30"]

1. e4 {[%emt 0:00:00]} c5 {[%emt 0:00:00]} 2. Nf3 {[%emt 0:00:00]} Nc6 {[%emt 0:00:00]} 3. Bc4 {[%emt 0:02:56]} Nf6 {[%emt 0:14:13]} 4. Qe2 {[%emt 0:01:46]} e6 {[%emt 0:05:31]} 5. e5 {[%emt 0:00:19]} Nd5 {[%emt 0:00:09]} 6. d4 {[%emt 0:00:40]} cxd4 {[%emt 0:12:14]} 7. O-O {[%emt 0:08:35]} Nb6 {[%emt 0:01:21]} 8. Bd3 {[%emt 0:00:42]} d6 {[%emt 0:10:29]} 9. Bf4 {[%emt 0:11:10]} dxe5 {[%emt 0:03:44]} 10. Nxe5 {[%emt 0:00:52]} Bd6 {[%emt 0:03:18]} 11. Nd2 {[%emt 0:00:47]} Nd5 {[%emt 0:04:59]} 12. Bg3 {[%emt 0:00:37]} Nxe5 {[%emt 0:01:38]} 13. Bxe5 {[%emt 0:00:22]} Bxe5 {[%emt 0:10:18]} 14. Qxe5 {[%emt 0:00:24]} Qf6 {[%emt 0:00:07]} 15. Bb5+ {[%emt 0:03:25]} Ke7 {[%emt 0:06:57]} 16. Qg3 {[%emt 0:00:16]} Rd8 {[%emt 0:01:52]} 17. Qa3+ {[%emt 0:00:25]} Rd6 {[%emt 0:00:47]} 18. Nc4 {[%emt 0:01:08]} e5 {[%emt 0:00:31]} 19. Rae1 {[%emt 0:00:11]} Bd7 {[%emt 0:00:20]} 20. Rxe5+ {[%emt 0:00:33]} Qxe5 {[%emt 0:00:23]} 21. Nxe5 {[%emt 0:00:06]} Bxb5 {[%emt 0:00:04]} 22. Re1 {[%emt 0:00:05]} Rad8 {[%emt 0:05:32]} 23. Nc4+ {[%emt 0:00:12]} Ne3 {[%emt 0:01:12]} 24. Nxd6 {[%emt 0:00:05]} Rxd6 {[%emt 0:00:05]} 25. fxe3 {[%emt 0:00:03]} Ke6 {[%emt 0:00:05]} 26. Qb3+ {[%emt 0:00:14]} Ke5 {[%emt 0:00:05]} 27. exd4+ {[%emt 0:00:33]} Kxd4 {[%emt 0:00:06]} 28. Qc3+ {[%emt 0:00:03]} Kd5 {[%emt 0:00:10]} 29. Re5# {[%emt 1:08:01]} 1-0